What to expect the first year / (Record no. 3664)

MARC details
000 -LEADER
fixed length control field 00859nam a22002417a 4500
001 - CONTROL NUMBER
control field 3664
003 - CONTROL NUMBER IDENTIFIER
control field FISKH
005 - DATE AND TIME OF LATEST TRANSACTION
control field 20240429104102.0
008 - FIXED-LENGTH DATA ELEMENTS--GENERAL INFORMATION
fixed length control field 240403b cb ||||| |||| 00| 0 eng d
040 ## - CATALOGING SOURCE
Original cataloging agency FISK
Language of cataloging eng
Transcribing agency FISK
Modifying agency FISK
050 ## - LIBRARY OF CONGRESS CALL NUMBER
Classification number HQ774.E47
082 ## - DEWEY DECIMAL CLASSIFICATION NUMBER
Classification number 649.122
100 ## - MAIN ENTRY--PERSONAL NAME
Personal name Murkoff Heidi
Dates associated with a name 1958-
245 ## - TITLE STATEMENT
Title What to expect the first year /
Statement of responsibility, etc. Heidi Murkoff
260 ## - PUBLICATION, DISTRIBUTION, ETC.
Place of publication, distribution, etc. New York :
Name of publisher, distributor, etc. Arlene Eisenberg,
Date of publication, distribution, etc. 1996
300 ## - PHYSICAL DESCRIPTION
Extent 671 pages :
Other physical details illustrations,
Dimensions 24 cm
505 ## - FORMATTED CONTENTS NOTE
Formatted contents note U
520 ## - SUMMARY, ETC.
Summary, etc. Some things about babies, happily, will never change. They still arrive warm, cuddly, soft, and smelling impossibly sweet. But how moms and dads care for their brand-new bundles of baby joy has changed�??and now, so has the new-baby bible.
521 8# - TARGET AUDIENCE NOTE
Source Lexile NP
700 ## - ADDED ENTRY--PERSONAL NAME
Personal name Heidi Murkoff
942 ## - ADDED ENTRY ELEMENTS (KOHA)
Source of classification or shelving scheme Dewey Decimal Classification
Koha item type Books
Suppress in OPAC No
Holdings
Withdrawn status Lost status Source of classification or shelving scheme Damaged status Not for loan Collection Home library Current library Shelving location Date acquired Total Checkouts Full call number Barcode Date last seen Copy number Price effective from Koha item type
    Dewey Decimal Classification     Non-Fiction Footprints International School Library Network Toul Kork Campus Footprints International School Library Network Toul Kork Campus TTP Secondary Non-Fiction Bookshelves 04/03/2024   MUR HQ774.E47 649.122 2024-0465 04/03/2024 1 04/03/2024 Books